<?xml version="1.0" encoding="UTF-8"?>
<record
    xmlns:xsi="http://www.w3.org/2001/XMLSchema-instance"
    xsi:schemaLocation="http://www.loc.gov/MARC21/slim http://www.loc.gov/standards/marcxml/schema/MARC21slim.xsd"
    xmlns="http://www.loc.gov/MARC21/slim">

  <leader>02176nab a2200301 i 4500</leader>
  <controlfield tag="003">BR-BrBNA</controlfield>
  <controlfield tag="005">20260427133755.0</controlfield>
  <controlfield tag="008">260427b2019    bl.qr|pooa||| 00| 0 eng |</controlfield>
  <datafield tag="040" ind1=" " ind2=" ">
    <subfield code="a">BR-BrBNA</subfield>
    <subfield code="b">eng</subfield>
  </datafield>
  <datafield tag="072" ind1=" " ind2=" ">
    <subfield code="a">K10</subfield>
  </datafield>
  <datafield tag="072" ind1=" " ind2=" ">
    <subfield code="a">U10</subfield>
  </datafield>
  <datafield tag="100" ind1=" " ind2=" ">
    <subfield code="a">Farias, Aline Ara&#xFA;jo</subfield>
  </datafield>
  <datafield tag="100" ind1=" " ind2=" ">
    <subfield code="a">Gezan, Salvador A.</subfield>
  </datafield>
  <datafield tag="100" ind1=" " ind2=" ">
    <subfield code="a">Carvalho, Melissa Pisaroglo de </subfield>
  </datafield>
  <datafield tag="100" ind1=" " ind2=" ">
    <subfield code="a">Ferraz Filho, Antonio Carlos </subfield>
  </datafield>
  <datafield tag="100" ind1=" " ind2=" ">
    <subfield code="a">Soares, Carlos Pedro Boechat</subfield>
  </datafield>
  <datafield tag="245" ind1=" " ind2=" ">
    <subfield code="a">Allometric Equations to Predict Pinus palustris Biomass in the Southeastern United States</subfield>
  </datafield>
  <datafield tag="500" ind1=" " ind2=" ">
    <subfield code="a">Publica&#xE7;&#xE3;o on-line; 22 ref.; 4 tables; 1 illus.; Summary (En)</subfield>
  </datafield>
  <datafield tag="520" ind1=" " ind2=" ">
    <subfield code="a">

ABSTRACT

Pinus palustris Mill. ecosystem is considered one of the most threatened of North America.
In  this context, studies on biomass quantification are fundamental for forest management
plans. Thus, the objective of this study was to develop a set of allometric equations to predict
total P.  palustris stump-biomass. Biomass data were collected at different locations in the
southeastern United States. A total of 119 allometric equations were fitted from the combination
of explanatory variables: diameter at breast height (DBH), height (H), age (I), basal area (G),
number of trees per hectare (N), site index (S) and quadratic diameter (Dq). One of the models
that presented the lowest residual standard error (Sy.x) and root mean square error (RMSE)
was ln(W) = -0.9978+0.7082.(H)+0.1009.ln(H.DBH)-0.5310.(N)-0.0003.ln(Dq). Therefore, the
insertion of dendrometric variables characteristic of forest stands has great efficacy in biomass
prediction for trees from different sites.

Keywords: forest management, modeling, regression.</subfield>
  </datafield>
  <datafield tag="650" ind1=" " ind2=" ">
    <subfield code="a">MANEJO</subfield>
  </datafield>
  <datafield tag="650" ind1=" " ind2=" ">
    <subfield code="a">FLORESTA</subfield>
  </datafield>
  <datafield tag="650" ind1=" " ind2=" ">
    <subfield code="a">PINUS PALUSTRIS</subfield>
  </datafield>
  <datafield tag="650" ind1=" " ind2=" ">
    <subfield code="a">BIOMASSA</subfield>
  </datafield>
  <datafield tag="773" ind1="0" ind2=" ">
    <subfield code="0">2929</subfield>
    <subfield code="9">347954</subfield>
    <subfield code="d">Rio de Janeiro-RJ Instituto de Florestas - UFRRJ 1994</subfield>
    <subfield code="o">2025-0453</subfield>
    <subfield code="t">Floresta e Ambiente (Brazil)</subfield>
    <subfield code="x">1415-0980  /  ISSN 2179-8087 0nline</subfield>
    <subfield code="g">v. 26(special number n.1) p. 1-7; (2019)</subfield>
    <subfield code="w">BR2026001292</subfield>
  </datafield>
  <datafield tag="856" ind1=" " ind2=" ">
    <subfield code="u">https://www.scielo.br/j/floram/a/dWqfvmzgVfRSb5xhNSS89Hr/?format=pdf&amp;lang=en</subfield>
  </datafield>
  <datafield tag="942" ind1=" " ind2=" ">
    <subfield code="c">ANA</subfield>
  </datafield>
  <datafield tag="999" ind1=" " ind2=" ">
    <subfield code="c">341577</subfield>
    <subfield code="d">341577</subfield>
  </datafield>
</record>
